Próbaüzem a számítóközpontban
Elmentve itt :
| Dokumentumtípus: | Cikk |
|---|---|
| Megjelent: |
1976-02-18
|
| Sorozat: | Délmagyarország
66 No. 41 |
| Kulcsszavak: | DÉLÉP |
| Online Access: | http://dmarchiv.bibl.u-szeged.hu/105716 |
| LEADER | 00398nab a2200145 i 4500 | ||
|---|---|---|---|
| 001 | delm105716 | ||
| 005 | 20190506142118.0 | ||
| 008 | 190506s1976 hu o 0|| hun d | ||
| 040 | |a SZTE Délmagyarország Archívum |b hun | ||
| 041 | |a hun | ||
| 245 | 0 | 0 | |a Próbaüzem a számítóközpontban |h [elektronikus dokumentum] |
| 260 | |c 1976-02-18 | ||
| 300 | |a 6 | ||
| 490 | 0 | |a Délmagyarország |v 66 No. 41 | |
| 695 | |a DÉLÉP | ||